LEADER 00877nam0-22003371i-450- 001 990007526030403321 005 20130405085312.0 035 $a000752603 035 $aFED01000752603 035 $a(Aleph)000752603FED01 035 $a000752603 100 $a20030814d1980----km-y0itay50------ba 101 0 $aita 102 $aIT 105 $aa---ac--001yy 200 1 $aRoma$fFilippo Coarelli 210 $aBari [etc.]$cLaterza$dstampa 1980 215 $a391 p.$cill.$d23 cm 225 1 $aGuide archeologiche$v6 610 0 $aRoma$aGuide 610 0 $aRoma$aArcheologia 700 1$aCoarelli,$bFilippo$f<1936- >$034939 801 0$aIT$bUNINA$gRICA$2UNIMARC 901 $aBK 912 $a990007526030403321 952 $aE'-01-059$bIst.11201$fILFGE 952 $a04.171$b7300$fDARST 959 $aILFGE 959 $aDARST 996 $aRoma$9177931 997 $aUNINA LEADER 01256nam--2200373---450- 001 990003179910203316 005 20081202141246.0 010 $a88-85914-38-1 035 $a000317991 035 $aUSA01000317991 035 $a(ALEPH)000317991USA01 035 $a000317991 100 $a20081202d2002----km-y0itay50------ba 101 $aita 102 $aIT 105 $a||||||||001yy 200 1 $a<> monetazione dei Focei in Occidente$eatti del'11. Convegno del Centro internazionale di studi numismatici, Napoli, 25-27 ottobre 1996$fCentro internazionale di studi numismatici, Napoli 210 $aRoma$cIstituto italiano di numismatica$d2002 215 $aX, 268 p., [20] c. di tav.$cill.$d24 cm 410 0$12001 454 1$12001 461 1$1001-------$12001 606 0 $aMonete greche$yEuropa$zSec. 6.-4. a. C.$xCongressi$z1996 676 $a737.4938 710 02$aCentro internazionale di studi numismatici$0176760 801 0$aIT$bsalbc$gISBD 912 $a990003179910203316 951 $aI NATTI CISN 9$b5234 DBC$cI NATTI 959 $aBK 969 $aDBC 979 $aDBC$b90$c20081202$lUSA01$h1409 979 $aDBC$b90$c20081202$lUSA01$h1412 996 $aMonetazione dei Focei in Occidente$91013924 997 $aUNISA